Nazwij państwa Świata po Angielsku(Geomex) - Statystyki

Ogólne statystyki
  • Ten quiz został rozwiązany 119 razy
  • Średni wynik to 8 z 10
Statystyki odpowiedzi
Obrazkowy Odpowiedź % Poprawnych
Cuba
96%
Indonesia
94%
Georgia
90%
Vatican
89%
New Zealand
86%
Vietnam
83%
Switzerland
77%
Bolivia
68%
Columbia
66%
Cambodia
58%
Nie znaleziono quizów pasujących do podanych kryteriów
Rozkład punktacji
Procent ludzi z każdym wynikiem
Percentyl według liczby udzielonych odpowiedzi
Twoja historia wyników
Nie rozwiązałeś tego quizu